| 000 | 00531pam a2200169 i 4500 | ||
|---|---|---|---|
| 020 | _a0136802648 | ||
| 082 | 0 | 0 |
_a658.5 _bPHI _cD |
| 100 | 1 |
_aPhillips, Cushing, _944757 |
|
| 245 | 1 | 0 |
_aPlant engineer's desk handbook / _cCushing Phillips, Jr. |
| 260 |
_aEnglewood Cliffs, N.J. : _bPrentice-Hall, _cc1980. |
||
| 300 |
_a234 p. : _bill. ; _c29 cm. |
||
| 500 | _aIncludes index. | ||
| 526 |
_a0 _b0 _c0 _d658_500000000000000_PHI |
||
| 650 | 0 |
_aMCE _9379 |
|
| 650 | 0 |
_aPlant engineering _xHandbooks, manuals, etc. _944758 |
|
| 942 |
_2ddc _cBK |
||
| 999 |
_c548457 _d548457 |
||